Les 7 vertus par ordre alphabétique - Statistiques

Statistiques générales
  • Ce quiz a été pris 16 fois
  • Le résultat moyen est 2 sur 7
Statistiques - réponses
Hint Réponse % Correct
C Charité
69%
G Générosité
50%
C Chasteté
31%
H Humilité
31%
T Tempérance
25%
P Patience
19%
D Discipline
0%
Aucun quiz correspondant
Distribution des résultats
% des personnes avec chaque résultat
Percentile par nombre de réponses
Votre historique - résultats
Vous n’avez pas pris ce quiz